Sports Quiz

Random Sports or World Quiz

2010 World Cup Teams Quiz Stats

 Plays Quiz Updated Jul 21, 2017

     
Support Sporcle.
Go Orange.
Score 0/32 Timer 05:00
11 Plays Today
Federation Team % Correct
Group HSpain
95%
Group GBrazil
95%
Group CEngland
94.5%
Group CUnited States
94.1%
Group AFrance
93.9%
Group DGermany
93.5%
Group BArgentina
91.6%
Group FItaly
90.4%
Group GPortugal
88.8%
Group ASouth Africa
88.6%
Group AMexico
86.5%
Group ENetherlands
85.7%
Group EJapan
82.5%
Group AUruguay
80.2%
Group BSouth Korea
80%
Group DAustralia
78.7%
Federation Team % Correct
Group DGhana
75.7%
Group HChile
74.8%
Group GCôte d'Ivoire
72%
Group GNorth Korea
71.8%
Group FParaguay
69%
Group HSwitzerland
67.2%
Group CAlgeria
66.1%
Group CSlovenia
65.7%
Group FNew Zealand
65.3%
Group BNigeria
64.9%
Group EDenmark
62.5%
Group FSlovakia
62.2%
Group BGreece
61.6%
Group ECameroon
59.1%
Group HHonduras
55%
Group DSerbia
52.6%

From the Vault

Clipped Words III

by sproutcm

Because saying the whole word is just too much work.
Remove Ads.
Support Sporcle.
Get the best of Sporcle when you Go Orange. This ad-free experience offers more features, more stats, and more fun while also helping to support Sporcle. Thank you for becoming a member.

Show Comments

Extras

Top Quizzes Today


Score Distribution

Your Account Isn't Verified!

In order to create a playlist on Sporcle, you need to verify the email address you used during registration. Go to your Sporcle Settings to finish the process.

Report this User

Report this user for behavior that violates our Community Guidelines.

Details: